Personnages Disney/Pixar en images - C - Statistiques

Statistiques générales
  • Ce quiz a été pris 981 fois
  • Le résultat moyen est 9 sur 20
Statistiques - réponses
Par images Réponse % Correct
Cendrillon
99%
Clochette
97%
Cruella d'Enfer
95%
Capitaine Crochet
94%
Colère
91%
Coco
82%
Chicken Little
65%
Carl Fredricksen
59%
Colette Tatou
45%
Chat de Cheshire
41%
Cléo
32%
Clarabelle
26%
Clayton
26%
Célia
21%
Camilo Madrigal
20%
Cruz Ramirez
15%
Chien-Po
11%
Clopin
11%
Clawhauser
8%
Calhoun
6%
Aucun quiz correspondant
Distribution des résultats
% des personnes avec chaque résultat
Percentile par nombre de réponses
Votre historique - résultats
Vous n’avez pas pris ce quiz